|
|
|
|
| LEADER |
00000nam a2900000 a 4500 |
| 001 |
000040331 |
| 005 |
20211210114400.0 |
| 008 |
962407s1980 mx gr 000 0 spa d |
| 020 |
|
|
|a 9684341334
|
| 020 |
|
|
|a 9789684341333
|
| 040 |
|
|
|a MX-MxUAM
|b spa
|c MX-MxUAM
|
| 041 |
1 |
|
|a spa
|h fre
|
| 050 |
|
4 |
|a PN343
|b T6.18b
|
| 090 |
|
|
|a PN343
|b T6.18b
|
| 100 |
1 |
|
|a Todorov, Tzvetan,
|d 1939-2017
|
| 240 |
1 |
0 |
|a Introduction à la littérature fantastique.
|l Español
|
| 245 |
1 |
0 |
|a Introducción a la literatura fantástica /
|c Tzvetan Todorov.
|
| 260 |
|
|
|a México :
|b Premia,
|c 1980.
|
| 300 |
|
|
|a 138 p. ; :
|b 21 cm.
|
| 440 |
|
0 |
|a Red de Jonás
|
| 500 |
|
|
|a Traducción de : Introduction à la litterature fantastique.
|
| 650 |
|
0 |
|a Fantasy fiction
|x History and criticism
|
| 650 |
|
4 |
|a Novela fantástica
|x Historia y crítica
|
| 905 |
|
|
|a LIBROS
|
| 938 |
|
|
|c CSH
|
| 949 |
|
|
|a Biblioteca UAM Iztapalapa
|b Colección General
|c PN343 T6.18b
|